Ireland update (Record no. 66643)
[ view plain ]
| 000 -LEADER | |
|---|---|
| fixed length control field | 01229cam a2200253 4500 |
| 001 - CONTROL NUMBER | |
| control field | ABS63632 |
| 008 - FIXED-LENGTH DATA ELEMENTS--GENERAL INFORMATION | |
| fixed length control field | 000000n2001 000 0 eng u |
| 035 ## - SYSTEM CONTROL NUMBER | |
| System control number | (Sirsi) u111836 |
| 100 ## - MAIN ENTRY--PERSONAL NAME | |
| Personal name | Baldock, H. |
| 245 ## - TITLE STATEMENT | |
| Title | Ireland update |
| 260 ## - PUBLICATION, DISTRIBUTION, ETC. | |
| Date of publication, distribution, etc. | 2001 |
| 490 ## - SERIES STATEMENT | |
| Series statement | Building |
| Volume/sequential designation | 265(11) 16 March 2001, 38-50(9) |
| 520 ## - SUMMARY, ETC. | |
| Summary, etc. | Looks at the effects of the construction boom, and the swift pace of development, in recent years in the Republic of Ireland. Considers a number of factors that are threatening to undermine this boom. These include skills shortages, traffic congestion, and a lack of regulation and strategic planning. The latter is resulting in haphazard development. The planning system is also under strain, with unprecedented numbers of planning applications being submitted and a shortage of planners. This means that development is delayed while planning decisions are made. Looks at the design behind the Temple Bar tower in Dublin. |
| 590 ## - LOCAL NOTE (RLIN) | |
| Local note | ABS |
| 650 ## - SUBJECT ADDED ENTRY--TOPICAL TERM | |
| Topical term or geographic name entry element | REPUBLIC OF IRELAND |
| 650 ## - SUBJECT ADDED ENTRY--TOPICAL TERM | |
| Topical term or geographic name entry element | DUBLIN |
| 650 ## - SUBJECT ADDED ENTRY--TOPICAL TERM | |
| Topical term or geographic name entry element | CONSTRUCTION BOOM |
| 650 ## - SUBJECT ADDED ENTRY--TOPICAL TERM | |
| Topical term or geographic name entry element | SKILLS SHORTAGES |
| 650 ## - SUBJECT ADDED ENTRY--TOPICAL TERM | |
| Topical term or geographic name entry element | REGULATION |
| 650 ## - SUBJECT ADDED ENTRY--TOPICAL TERM | |
| Topical term or geographic name entry element | PLANNING SYSTEM |
| 650 ## - SUBJECT ADDED ENTRY--TOPICAL TERM | |
| Topical term or geographic name entry element | DEVELOPMENT |
| 690 ## - LOCAL SUBJECT ADDED ENTRY--TOPICAL TERM (OCLC, RLIN) | |
| Topical term or geographic name as entry element | BUILT ENVIRONMENT |
| 942 ## - ADDED ENTRY ELEMENTS (KOHA) | |
| Suppress in OPAC | 0 |
| Withdrawn status | Lost status | Source of classification or shelving scheme | Damaged status | Not for loan | Home library | Current library | Shelving location | Date acquired | Total Checkouts | Full call number | Barcode | Date last seen | Copy number | Price effective from | Koha item type |
|---|---|---|---|---|---|---|---|---|---|---|---|---|---|---|---|
| Dewey Decimal Classification | London | London | Journal article | 04/04/2001 | ABS63632 | 111836-1001 | 06/08/2019 | 1 | 06/08/2019 | Journal article |